| 000 | 00658cgm a2200181 4500 | ||
|---|---|---|---|
| 001 | 3984 | ||
| 005 | 20181127172335.0 | ||
| 008 | 101103s2010 bt b 100 0 eng | ||
| 010 | _a 2010308818 | ||
| 020 | _a9789993614616 | ||
| 111 | 2 |
_aConference on Deepening and Sustaining Democracy in Asia _d(2009 : _cParo, Bhutan) |
|
| 245 | 1 | 0 |
_aConference on Deepening and Sustaining Democracy in Asia / _bUNDP. |
| 260 |
_aThimphu : _bCentre for Bhutan Studies, _c2010. |
||
| 300 |
_a5 videodisc (187.03 min.) : sd., col. ; 4 3/4 in. _c |
||
| 504 | _aIncludes bibliographical references. | ||
| 650 | 0 |
_aDemocracy _zAsia _vCongresses. |
|
| 710 | 2 | _aCentre for Bhutan Studies. | |
| 999 |
_c3251 _d3251 |
||